Landlocked Countries Quiz Stats

 Plays Quiz Updated Feb 13, 2019

     
Support Sporcle.
Go Orange.
Score 0/45 Timer 09:00
16 Plays Today
Country % Correct
Austria
86.1%
Switzerland
85.7%
Mongolia
84.8%
Chad
82.6%
Paraguay
81.2%
Andorra
79.9%
Bolivia
79.6%
Nepal
79.6%
Czechia
79.2%
Luxembourg
78.6%
Niger
77.8%
Slovakia
77.3%
Uzbekistan
76.9%
Afghanistan
76.6%
Kazakhstan
76.4%
Vatican City
76.3%
Hungary
76.1%
Zimbabwe
76.1%
Lesotho
76%
Turkmenistan
74.7%
Liechtenstein
74.4%
Rwanda
73.4%
Mali
73.2%
Country % Correct
Central African Republic
72.9%
Eswatini
72.3%
Zambia
71.7%
Tajikistan
71.4%
Belarus
70.8%
Uganda
70.7%
Bhutan
69.6%
Serbia
69.1%
Armenia
68.9%
San Marino
67.8%
Laos
67.2%
Botswana
67%
Azerbaijan
66.5%
Kyrgyzstan
66.5%
Kosovo
63.6%
Burundi
63.6%
Moldova
63.1%
North Macedonia
62.7%
Malawi
61.7%
Burkina Faso
59.4%
Ethiopia
58.8%
South Sudan
29.5%

From the Vault

Pick a Cheese Dish

by hellofromUK

We supply the cheese, but you'll need to bring your own wine.
Remove Ads.
Support Sporcle.
Get the best of Sporcle when you Go Orange. This ad-free experience offers more features, more stats, and more fun while also helping to support Sporcle. Thank you for becoming a member.

Show Comments

Extras

Top Quizzes Today


Score Distribution

Your Account Isn't Verified!

In order to create a playlist on Sporcle, you need to verify the email address you used during registration. Go to your Sporcle Settings to finish the process.

Report this User

Report this user for behavior that violates our Community Guidelines.

Details: